Fibichovo erotické období

Titel: Fibichovo erotické období : K Náladám, dojmům a upomínkám
Verfasser:
Beteiligt:
In: Sex a tabu v české kultuře 19. století, (1999), Seite 114-123
alle Artikel anzeigen
Veröffentlicht: 1999
Format: Aufsatz
Sprache: Tschechisch
Kein Bild verfügbar
X
alg: 39309751
001A    $01999:11-11-16 
001B    $01999:28-04-17 $t15:32:34.000 
001D    $01999:11-11-16 
001U    $0utf8 
001X    $00 
002@    $0Aox 
003@    $039309751X 
007A    $039309751X $aHEB 
007T    $0Herdp15809 
010@    $acze 
011@    $a1999 
021A    $aFibichovo erotické období $dK Náladám, dojmům a upomínkám 
028A    $aOttlová $dMarta 
028B/01 $aPospíšil $dMilan 
031A    $h114-123 $j1999 
039B    $aIn $8--Aau--. Sex a tabu v české kultuře 19. století. - Praha : Academia, 1999. - 244, [16] S.. - Ill.. - ISBN 80-200-0685-0 $x199900000000000886 $9090548655 

lok: 39309751 78

exp: 39309751 78 1 #EPN
201B/01 $010-02-20 $t22:46:22.000 
201U/01 $0utf8 
203@/01 $0789207834 
208@/01 $a11-11-16 $be 
209A/01 $a/ $f000 $x00 
220C/01 $aHerkunft: Hú Av Čr Praha 
244Z/01 $#Tschechien $#Tschechische Republik $#Tschechische Republik $#Tschechenland $#Tschechei Tschechien $#Česká Republika $#Czech Republic $#ČR $74303381-7 $8--Tg1--Tschechien $x01 $9086659812 
244Z/01 $2Trx $#Böhmen $#Bohemia $#Czechy $8--Trx--Čechy $x02 $9391188941 
244Z/01 $#Fibich, Zdeněk $#Fibich, Zdenek Antonín Václav $#Fibich, Zdenko $#Fibich, Zdeněk Antonín Václav $#Fibich, Ztenko $7117749443 $8--Tp1--Fibich, Zdeněk$Z1850-1900 $x03 $9101726759 
244Z/01 $2Trx $#seksuaalsus $#seksualumas $#Sexuality $#szexualitás $#seksualność $#sexualita $#sexualita $8--Trx--Sexualität $x04 $9391353462 
244Z/01 $2Trx $#sugukonnaajalugu juhtumi uurimised $#lyčių istorija case studies $#gender history case studies $#nemek története esettanulmányok $#gender studies $#dejiny pohlaví biografie $#dějiny pohlaví biografie $#gender studies $#Frauen $#kobiety $#dejiny žien $#dějiny žen $#ženy $8--Trx--Geschlechtergeschichte$gFallstudien $x05 $9391357239 
244Z/01 $2Trx $#mentaliteedid $#mentalitetas $#mentalities $#mentalitások $#mentalność $#mentality $#mentality $8--Trx--Mentalitäten $x06 $9391360639 
244Z/01 $2Trx $#muusika $#muzika bendras $#music $#zene általános $#muzyka ogólnie $#hudba $#hudba $8--Trx--Musik$gallgemein $x07 $9391358979 
244Z/01 $2Trx $8--Trx--Einzelbeiträge $x08 $9391384570 
247C/01 $82080>Marburg/Lahn, Herder-Institut, Forschungsbibliothek, Bibliographieportal $9336309341
LEADER 00000caa a22000002c 4500
001 39309751X
003 DE-603
005 20170428153234.0
007 tu
008 161111s1999 xx |||| | u00||u|cze c
035 |a (DE-599)HEB39309751X 
040 |a DE-603  |b ger  |c DE-603  |d DE-603 
041 |a cze 
100 1 |a Ottlová, Marta 
245 0 0 |a Fibichovo erotické období  |b K Náladám, dojmům a upomínkám 
264 0 |c 1999 
700 1 |a Pospíšil, Milan 
773 0 8 |i In  |t Sex a tabu v české kultuře 19. století  |d Praha : Academia, 1999  |h 244, [16] S., Ill.  |z 8020006850  |g (1999), Seite 114-123  |w (DE-603)090548655 
924 0 |9 2080  |a (DE-603)789207834  |b DE-2080  |c HES  |d d  |g /